| Поле | Инд. | ПП | Название | Значение |
|---|---|---|---|---|
| Тип записи | a | |||
| Библиографический уровень | m | |||
| 001 | Контрольный номер | ef7c777ed4a0473b9a5fed322ee41544 | ||
| 005 | Дата корректировки | 20260226185343.1 | ||
| 084 | a | Индекс другой классификации/Индекс ББК | 4 | |
| 091 | i | Возрастная адресация (DOS) | 16+ | |
| 097 | b | Оператор | Чирова | |
| 245 | 10 | a | Заглавие | Охота и охотничье хозяйство |
| n | Номер части/ раздела | 1 | ||
| 260 | c | Дата издания | 2026 | |
| 900 | a | Имя макрообъекта | E0041D100131E132 | |
| 901 | t | Тип документа | s |